История государства и права народов Кавказа (Запись № 12864300)

Подробности
000 -МАРКЕР
контрольное поле 02395nam1a2200361 i 4500
001 - ИДЕНТИФИКАТОР ЗАПИСИ
контрольное поле RU\NLR\BIBL_A\016263833
005 - ИДЕНТИФИКАТОР ВЕРСИИ
контрольное поле 20260408132149.0
035 ## - ДРУГИЕ СИСТЕМНЫЕ НОМЕРА
Идентификатор записи (NLR Aleph) 016263833
100 ## - ДАННЫЕ ОБЩЕЙ ОБРАБОТКИ
Данные общей обработки 20230120g20229999u y0rusy50 ca
101 0# - ЯЗЫК РЕСУРСА
Язык текста, звукозаписи и т.д. русский
102 ## - СТРАНА ПУБЛИКАЦИИ ИЛИ ПРОИЗВОДСТВА
Страна публикации Российская Федерация
105 ## - ПОЛЕ КОДИРОВАННЫХ ДАННЫХ: ТЕКСТОВЫЕ МАТЕРИАЛЫ, МОНОГРАФИЧЕСКИЕ
Кодированные данные о монографическом текстовом документе | z |||||
181 #0 - ПОЛЕ КОДИРОВАННЫХ ДАННЫХ: ВИД СОДЕРЖАНИЯ
Код вида содержания (ISBD) i
Код характеристики содержания (ISBD) axxe
182 #0 - ПОЛЕ КОДИРОВАННЫХ ДАННЫХ: ТИП СРЕДСТВА
Код типа средства (ISBD) n - непосредственное
200 1# - ЗАГЛАВИЕ И СВЕДЕНИЯ ОБ ОТВЕТСТВЕННОСТИ
Основное заглавие История государства и права народов Кавказа
Сведения, относящиеся к заглавию учебник
Первые сведения об ответственности Авидзба А. Ф., д. и. н., профессор, Авидзба В. В., к. и. н., доцент, Камкия Ф. Г., к. ю. н., доцент [и др.]
Последующие сведения об ответственности под общей редакцией доктора юридических наук, профессора Шапсугова Д. Ю.
-- Российская академия народного хозяйства и государственной службы при Президенте Российской Федерации, Южно-Российский институт управления, Центр правовых исследований
203 ## - ВИД СОДЕРЖАНИЯ И ТИП СРЕДСТВА
Вид содержания Текст
Дополнительные сведения об издании визуальный
Тип средства непосредственный
210 ## - ПУБЛИКАЦИЯ, РАСПРОСТРАНЕНИЕ И ДР.
Место издания, распространения и т.д. Ростов-на-Дону
Имя издателя, распространителя и т. д. ЮРИУ РАНХиГС
Дата издания, распространения и т.д. 2022
215 ## - ФИЗИЧЕСКАЯ ХАРАКТЕРИСТИКА
Размеры 21
225 1# - СЕРИЯ
Основное заглавие серии Международный научно-исследовательский проект "Правовой мир Кавказа"
300 ## - ОБЩИЕ ПРИМЕЧАНИЯ
Текст примечания Авт. указаны на обороте тит. с.
606 1# - НАИМЕНОВАНИЕ ТЕМЫ КАК ПРЕДМЕТ
Наименование темы Право
Формальный подзаголовок Учебники
Тематический подзаголовок История
Географический подзаголовок Кавказ
Системный номер авторитетной/нормативной записи 2142376
Идентификатор авторитетной/нормативной записи RU\NLR\AUTH\661595664
606 1# - НАИМЕНОВАНИЕ ТЕМЫ КАК ПРЕДМЕТ
Наименование темы Государство
Формальный подзаголовок Учебники
Тематический подзаголовок История
Географический подзаголовок Кавказ
Системный номер авторитетной/нормативной записи 2142378
Идентификатор авторитетной/нормативной записи RU\NLR\AUTH\661595665
686 1# - ИНДЕКСЫ ДРУГИХ КЛАССИФИКАЦИЙ
Индекс Х2(2Р37)я7-1
701 #1 - ИМЯ ЛИЦА - АЛЬТЕРНАТИВНАЯ ОТВЕТСТВЕННОСТЬ
Начальный элемент ввода Авидзба
Часть имени, кроме начального элемента ввода А. Ф.
Расширение инициалов личного имени Аслан Фазлыбеевич
701 #1 - ИМЯ ЛИЦА - АЛЬТЕРНАТИВНАЯ ОТВЕТСТВЕННОСТЬ
Начальный элемент ввода Авидзба
Часть имени, кроме начального элемента ввода В. В.
Расширение инициалов личного имени Виктор Владимирович
701 #1 - ИМЯ ЛИЦА - АЛЬТЕРНАТИВНАЯ ОТВЕТСТВЕННОСТЬ
Начальный элемент ввода Камкия
Часть имени, кроме начального элемента ввода Ф. Г.
Расширение инициалов личного имени Фатима Гурамовна
702 #1 - ИМЯ ЛИЦА - ВТОРИЧНАЯ ОТВЕТСТВЕННОСТЬ
Код отношения Редактор
Начальный элемент ввода Шапсугов
Часть имени, кроме начального элемента ввода Д. Ю.
Дополнения к именам, кроме дат д-р юрид. наук
Даты 1943-
Расширение инициалов личного имени Дамир Юсуфович
Системный номер авторитетной/нормативной записи 252291
Идентификатор авторитетной/нормативной записи RU\NLR\AUTH\770252347
712 02 - НАИМЕНОВАНИЕ ОРГАНИЗАЦИИ - ВТОРИЧНАЯ ОТВЕТСТВЕННОСТЬ
Код отношения Прочие
Начальный элемент ввода Южно-Российский институт управления
Структурное подразделение Центр правовых исследований
Идентифицирующий признак Ростов-на-Дону
Системный номер авторитетной/нормативной записи 831487
Идентификатор авторитетной/нормативной записи RU\NLR\AUTH\880582812
852 ## - МЕСТОНАХОЖДЕНИЕ И ШИФР ХРАНЕНИЯ
Идентификатор организации NLR
Шифр хранения (Call Number) 2023-3/518
942 ## - ДОПОЛНИТЕЛЬНЫЕ ЭЛЕМЕНТЫ ЗАПИСИ (АБИС)
Тип экземпляра АБИС Книга

Нет доступных экземпляров.